000 00466nam a2200193Ia 4500
008 240509s9999 xx 000 0 und d
020 _a0000632028181
041 _aEng
082 _a004.21
082 _bC87
100 _aCUTTS, Geoff
245 0 _aStructured systems analysis and design methodology
260 _bOxford : Blackwell
260 _c1987
300 _a425 p.
650 _aSystems analysis : systems design
942 _2ddc
942 _cLBK
999 _c22339
_d22339
945 _a1
_bMadushi Gamage
_c1
_dMadushi Gamage